[Event "NLD-chT9697"]
[Site "Holland"]
[Date "1996.??.??"]
[Round "?"]
[White "De Boer, Gert Jan"]
[Black "Polgar, Sofia"]
[Result "0-1"]
[WhiteElo "2445"]
[BlackElo "2495"]

1.Nf3 d5 2.d4 Nf6 3.c4 e6 4.g3 dxc4 5.Bg2 Nc6 6.Qa4 Bb4+ 7.Bd2 Nd5 8.Qb5 O-O
9.Qxc4 Nb6 10.Qd3 Bxd2+ 11.Nbxd2 e5 12.Nxe5 Nb4 13.Qb1 Qxd4 14.Ndf3 Qd8 15.a3 N4d5
16.O-O Qe7 17.Qc2 a5 18.Rad1 a4 19.e4 Nf6 20.Rfe1 Be6 21.Qc3 c5 22.Nd3 Bb3
23.Ra1 Rac8 24.Nf4 Rfd8 25.Nd2 c4 26.Rac1 Qc5 27.e5 Nbd5 28.Nxd5 Nxd5 29.Qf3 Ne7
30.Re2 Nc6 31.Qh5 Nd4 32.Re3 g6 33.Qg4 Nf5 34.Re2 Qd4 35.Qg5 Qxb2 36.Rce1 h6
37.Qf4 Nd4 38.Qxh6 Nxe2+ 39.Rxe2 Rxd2 40.Rxd2 Qa1+ 41.Bf1 Qxe5 42.h4 c3 43.Re2 Qxe2
44.Bxe2 c2 45.Qc1 Rd8  0-1

[Event "NLD-chT9697"]
[Site "Holland"]
[Date "1996.??.??"]
[Round "?"]
[White "Polgar, Sofia"]
[Black "Abbink, Michel"]
[Result "1-0"]
[WhiteElo "2495"]
[BlackElo "2295"]

1.e4 c6 2.d4 d5 3.Nd2 dxe4 4.Nxe4 Nd7 5.Bc4 Ngf6 6.Ng5 e6 7.Qe2 Nb6 8.Bb3 a5
9.a4 Bd6 10.c3 Qe7 11.N1f3 h6 12.Ne4 Nxe4 13.Qxe4 Nd7 14.Bd2 c5 15.Bc2 Rb8
16.O-O-O b6 17.dxc5 bxc5 18.Bf4 Bxf4+ 19.Qxf4 O-O 20.Qc7 Rb7 21.Qd6 Qxd6
22.Rxd6 Rc7 23.Rhd1 g5 24.b3 Kg7 25.h4 g4 26.Nd2 Nf6 27.Nc4 Bb7 28.g3 Bd5
29.Nxa5 Ra8 30.Nc4 Bxc4 31.bxc4 Raa7 32.R1d2 Nd7 33.Bb3 Kf6 34.Ra2 Ne5 35.Rb6 Ra5
36.Rb5 Raa7 37.Rd2 Ke7 38.Rb8  1-0

[Event "ISR-chT"]
[Site "Israel"]
[Date "1996.??.??"]
[Round "8"]
[White "Kaminik, Aleksandar"]
[Black "Polgar, Sofia"]
[Result "0-1"]
[WhiteElo "2255"]
[BlackElo "2495"]

1.d4 Nf6 2.c4 c5 3.d5 b5 4.cxb5 a6 5.bxa6 g6 6.Nc3 Bxa6 7.e4 Bxf1 8.Kxf1 d6
9.g4 Bg7 10.g5 Nh5 11.Nge2 Qc8 12.Ng3 Qh3+ 13.Kg1 Nd7 14.Nxh5 gxh5 15.Qf1 Qh4
16.Qg2 Bxc3 17.bxc3 Ra4 18.Bd2 Rc4 19.f3 Ra4 20.Qe2 Qh3 21.f4 O-O 22.c4 Rb8
23.Kf2 Rb2 24.Rhd1 Qxh2+ 25.Kf1 Qh1+ 26.Kf2 Qh4+ 27.Kf1 Ra3 28.Qf2 Qg4  0-1

[Event "Jakarta m4"]
[Site "Jakarta"]
[Date "1996.??.??"]
[Round "1"]
[White "Polgar, Sofia"]
[Black "Tamin, Upi Darmayana"]
[Result "1-0"]
[WhiteElo "2480"]
[BlackElo "2175"]

1.e4 c5 2.Nf3 d6 3.d4 cxd4 4.Nxd4 Nf6 5.Nc3 a6 6.f4 e5 7.Nf3 Nbd7 8.a4 Be7
9.Bc4 O-O 10.O-O exf4 11.Bxf4 Qb6+ 12.Qd4 Qxd4+ 13.Nxd4 Ne5 14.Bb3 Bd7 15.Nf5 Bxf5
16.exf5 Rfe8 17.Rfe1 Bd8 18.Nd5 Nxd5 19.Bxd5 Bb6+ 20.Kf1 Rac8 21.Re2 Rc7
22.a5 Bc5 23.c3 Kf8 24.Rae1 f6 25.Rd1 Rd8 26.h3 Ke7 27.g4 g5 28.fxg6 hxg6
29.g5 Rf8 30.Kg2 Kd7 31.gxf6 Rxf6 32.Bxe5 dxe5 33.Bxb7+ Rd6 34.Rxd6+ Kxd6
35.Bxa6 Kd5 36.Bd3 Re7 37.b4 Ba7 38.Re4 Rf7 39.Bc4+  1-0

[Event "Jakarta m6"]
[Site "Jakarta"]
[Date "1996.??.??"]
[Round "1"]
[White "Polgar, Sofia"]
[Black "Lumongdong, Lisa Karlina"]
[Result "0-1"]
[WhiteElo "2480"]
[BlackElo "2125"]

1.e4 c5 2.Nf3 Nc6 3.d4 cxd4 4.Nxd4 Nf6 5.Nc3 d6 6.Bc4 Qb6 7.Nb3 e6 8.Bf4 Ne5
9.Be2 a6 10.Be3 Qc7 11.f4 Nc4 12.Bxc4 Qxc4 13.Qf3 Qc7 14.f5 b5 15.fxe6 fxe6
16.O-O-O b4 17.Na4 Rb8 18.Qg3 Nxe4 19.Qh4 Nf6 20.Qg3 e5 21.Rhe1 Be7 22.Qxg7 Rg8
23.Qh6 Rxg2 24.Rd2 Rg6 25.Qh4 Bd7 26.Nb6 Rxb6 27.Bxb6 Qxb6 28.Rdd1 Kf7 29.Nd2 Bg4
30.Nc4 Qc5 31.b3 Bxd1 32.Rxd1 Rg1  0-1

[Event "Jakarta m6"]
[Site "Jakarta"]
[Date "1996.??.??"]
[Round "2"]
[White "Lumongdong, Lisa Karlina"]
[Black "Polgar, Sofia"]
[Result "1/2-1/2"]
[WhiteElo "2125"]
[BlackElo "2480"]

1.e4 c5 2.Nf3 Nc6 3.d4 cxd4 4.Nxd4 Qc7 5.Nc3 e6 6.Be2 a6 7.O-O Nf6 8.Be3 d6
9.f4 Be7 10.Qe1 O-O 11.Qg3 Bd7 12.Rae1 b5 13.a3 Nxd4 14.Bxd4 Bc6 15.Bd3 Qb7
16.Qh3 g6 17.Kh1 b4 18.e5 Nh5 19.Ne4 Bxe4 20.Bxe4 d5 21.Bd3 Ng7 22.axb4 Qxb4
23.Bc3 Qb6 24.b3 Bb4 25.Bxb4 Qxb4 26.Qh6 f5 27.Ra1 a5 28.Ra4 Qd2 29.Qh4 Qc3
30.Qe1 Qc7 31.Qd2 Ra7 32.Rfa1 Rfa8 33.Qf2 g5 34.b4 gxf4 35.Qd4 Kf7 36.b5 Rb7
37.Qxf4 Qc3  1/2-1/2

[Event "Jakarta m4"]
[Site "Jakarta"]
[Date "1996.??.??"]
[Round "2"]
[White "Tamin, Upi Darmayana"]
[Black "Polgar, Sofia"]
[Result "0-1"]
[WhiteElo "2175"]
[BlackElo "2480"]

1.e4 c5 2.Nf3 d6 3.d4 cxd4 4.Nxd4 Nf6 5.Nc3 a6 6.Be2 e5 7.Nb3 Be7 8.O-O O-O
9.Kh1 Nc6 10.f4 b5 11.a3 Bb7 12.f5 b4 13.axb4 Nxb4 14.Na5 Bc8 15.Bf3 h6 16.g4 Nh7
17.Nd5 Nxd5 18.Qxd5 Bd7 19.Nc6 Nf6 20.Nxe7+ Qxe7 21.Qd1 Bb5 22.Rg1 Bc6 23.Qe2 Qb7
24.Re1 d5 25.g5 hxg5 26.Bxg5 Nxe4 27.Bxe4 dxe4 28.f6 e3+ 29.Kg1 Rfd8 30.Bxe3 Rd6
31.Rf1 Qd7 32.Qh5 Bb7 33.Qg5 g6 34.Qh4 Qc6 35.Qg5 Qxc2 36.h4 Qe4 37.Kf2  0-1

[Event "Women-Veterans"]
[Site "London"]
[Date "1996.??.??"]
[Round "3"]
[White "Taimanov, Mark E"]
[Black "Polgar, Sofia"]
[Result "1/2-1/2"]
[WhiteElo "2470"]
[BlackElo "2480"]

1.Nf3 d5 2.e3 Nf6 3.c4 e6 4.b3 Nbd7 5.Bb2 Bd6 6.d4 c6 7.Bd3 O-O 8.Nbd2 Qe7
9.Ne5 c5 10.O-O b6 11.Qc2 cxd4 12.exd4 Bb7 13.Nxd7 Qxd7 14.c5 bxc5 15.dxc5 Rac8
16.b4 Bb8 17.Bxf6 gxf6 18.Nf3 d4 19.Be4 Rfd8 20.Bxb7 Qxb7 21.Rab1 Qd5 22.Rb3 d3
23.Qd1 e5 24.Nh4 e4 25.Qg4+ Kh8 26.Nf5 Rg8 27.Qh3 Rxg2+ 28.Kxg2 Rg8+ 29.Ng3 e3+
30.Kg1 e2 31.Qg2 Qd4 32.Qf3 exf1=Q+ 33.Kxf1 Rd8 34.Rb1 Bxg3 35.hxg3 Kg7 36.c6 d2
37.Rd1 Qxb4 38.Kg2 Qc4 39.Kh2 Rd6 40.Qf4 Qxf4 41.gxf4 Rxc6 42.Rxd2 Ra6 43.Kg3 Kg6
44.f3 h5 45.Rc2 Ra4 46.Rd2 Ra5 47.Rh2 Ra4 48.Rc2 h4+ 49.Kxh4 Rxf4+ 50.Kg3 Ra4
51.Rd2 Kg5 52.Rd7 Kg6 53.Rd2 f5 54.f4 Kf6 55.Rc2 Ke6 56.Re2+ Kf6 57.Rc2 a5
58.Rd2 Kg6 59.Rc2 Ra3+ 60.Kh4 a4 61.Rg2+ Kf6 62.Rb2 Re3 63.Rb6+ Re6 64.Rb4 Re4
65.Rb6+ Kg7 66.Kg5 Re2 67.Kxf5 Rxa2 68.Ra6 a3 69.Ra7 Ra1  1/2-1/2

[Event "Women-Veterans"]
[Site "London"]
[Date "1996.??.??"]
[Round "5"]
[White "Hort, Vlastimil"]
[Black "Polgar, Sofia"]
[Result "1-0"]
[WhiteElo "2545"]
[BlackElo "2480"]

1.d4 d5 2.c4 c6 3.Nf3 Nf6 4.Qb3 dxc4 5.Qxc4 e6 6.g3 c5 7.Nc3 cxd4 8.Nxd4 a6
9.Bg2 Nbd7 10.O-O Ne5 11.Qa4+ Bd7 12.Qb3 Bc5 13.Be3 Rb8 14.Rad1 Qe7 15.Bf4 Bd6
16.Ncb5 axb5 17.Nxb5 Nf3+ 18.Qxf3 Bxf4 19.Qxf4 e5 20.Nc7+ Kd8 21.Qd2 Rc8
22.Nd5 Nxd5 23.Qxd5  1-0

[Event "Women-Veterans"]
[Site "London"]
[Date "1996.??.??"]
[Round "6"]
[White "Polgar, Sofia"]
[Black "Spassky, Boris V"]
[Result "1/2-1/2"]
[WhiteElo "2480"]
[BlackElo "2555"]

1.e4 c6 2.d4 d5 3.Nc3 dxe4 4.Nxe4 Bf5 5.Ng3 Bg6 6.Bc4 Nd7 7.N1e2 e6 8.Nf4 Bd6
9.Bb3 Ngf6 10.h4 Qc7 11.Nge2 Bf5 12.c3 O-O-O 13.Bc2 Bxc2 14.Qxc2 e5 15.dxe5 Nxe5
16.Nd3 Rhe8 17.Nxe5 Rxe5 18.O-O Re4 19.g3 Rde8 20.Nf4 Qd7 21.Qd3 h6 22.Kg2 g5
23.hxg5 hxg5 24.Nh3 g4 25.Nf4 c5 26.Rd1 Re1 27.c4 Rxd1 28.Qxd1 Re4 29.b3 Qc6
30.Kg1 Be5 31.Rb1 Bd4 32.Bb2 Qd7 33.Qc2 Bxb2 34.Qxb2 Rd4 35.Ne2 Rd6 36.Qe5 b6
37.Nf4  1/2-1/2

[Event "Women-Veterans"]
[Site "London"]
[Date "1996.??.??"]
[Round "10"]
[White "Polgar, Sofia"]
[Black "Hort, Vlastimil"]
[Result "0-1"]
[WhiteElo "2480"]
[BlackElo "2545"]

1.e4 c5 2.Nf3 Nc6 3.d4 cxd4 4.Nxd4 Nf6 5.Nc3 d6 6.Bc4 Qb6 7.Nb3 e6 8.f4 Nxe4
9.Nxe4 d5 10.Bd3 dxe4 11.Bxe4 Qb4+ 12.Nd2 f5 13.Bxc6+ bxc6 14.Qf3 Bb7 15.Qb3 O-O-O
16.Qxb4 Bxb4 17.a3 Be7 18.Nf3 Bf6 19.Kf2 c5 20.c3 Rd3 21.Be3 Rhd8 22.Rhe1 a6
23.Re2 Bxf3 24.Kxf3 c4 25.Kf2 R8d5 26.g3 Kd7 27.Rae1 h6 28.Bc1 Rd1 29.h4 Rxe1
30.Kxe1 g6 31.Bd2 Rd3 32.Rg2 Kd6 33.Kd1 e5 34.Ke2 e4 35.Be3 Ke6 36.Rg1 Be7
37.Rh1 h5 38.Rb1 Kd5 39.Bf2 Bc5 40.Be1 Re3+ 41.Kf1 Rf3+ 42.Ke2 Re3+ 43.Kf1 Rd3
44.Ke2 Kc6 45.a4 Bb6 46.Ra1 Re3+ 47.Kf1 Rf3+ 48.Ke2 Bg1 49.Rd1 Rd3 50.Rb1 Bh2
51.Bf2 Bxg3 52.Be3 Bxh4 53.b3 cxb3 54.Rxb3 Bd8 55.Rb8 h4 56.Ra8 Bb6  0-1

[Event "North Bay op"]
[Site "North Bay"]
[Date "1996.??.??"]
[Round "?"]
[White "Moussa, Alaa Eddine"]
[Black "Polgar, Sofia"]
[Result "1/2-1/2"]
[WhiteElo "2205"]
[BlackElo "2480"]

1.d4 Nf6 2.c4 c5 3.d5 b5 4.cxb5 a6 5.bxa6 g6 6.Nc3 Bxa6 7.e4 Bxf1 8.Kxf1 d6
9.g3 Bg7 10.Kg2 O-O 11.Nf3 Nbd7 12.Re1 Ra7 13.Re2 Qa8 14.Bg5 h6 15.Bxf6 Bxf6
16.h4 h5 17.Qd2 Rb8 18.Rae1 Rab7 19.b3 Rb4 20.Nd1 c4 21.bxc4 Rxc4 22.Qh6 Ra4
23.Qf4 Nc5 24.Re3 Qa6 25.Qh6 Bg7 26.Qg5 Rb7 27.g4 Bf6 28.Qh6 Bg7 29.Qg5 Bf6
30.Qh6  1/2-1/2

[Event "North Bay op"]
[Site "North Bay"]
[Date "1996.??.??"]
[Round "?"]
[White "Polgar, Sofia"]
[Black "Boudy, Julio"]
[Result "1-0"]
[WhiteElo "2480"]
[BlackElo "2280"]

1.e4 c5 2.Nf3 e6 3.d4 cxd4 4.Nxd4 a6 5.Bd3 Nf6 6.Nc3 Qc7 7.f4 d6 8.a4 Nc6
9.Be3 Be7 10.O-O Nxd4 11.Bxd4 e5 12.Be3 exf4 13.Rxf4 Be6 14.Bd4 O-O 15.Nd5 Bxd5
16.exd5 Ne8 17.Qh5 g6 18.Qh6 Qd8 19.Raf1 Qc7 20.Bxg6  1-0

[Event "North Bay op"]
[Site "North Bay"]
[Date "1996.??.??"]
[Round "?"]
[White "Polgar, Sofia"]
[Black "Guo Jun"]
[Result "1-0"]
[WhiteElo "2480"]
[BlackElo "2220"]

1.e4 c5 2.Nf3 d6 3.d4 cxd4 4.Nxd4 Nf6 5.Nc3 g6 6.g3 Nc6 7.Nde2 Bg7 8.Bg2 O-O
9.O-O Bg4 10.h3 Be6 11.Nd5 Ne5 12.a4 Rc8 13.Be3 Nc4 14.Bd4 Nxd5 15.exd5 Bf5
16.Bxg7 Kxg7 17.b3 Ne5 18.Nd4 Qb6 19.Nxf5+ gxf5 20.Qd2 Kh8 21.Qg5 Rxc2 22.Qxe7 Qd8
23.Qxb7 f4 24.Rfc1 Rxc1+ 25.Rxc1 f3 26.Bf1 Qg5 27.Rc8 Rxc8 28.Qxc8+ Kg7 29.Qc7 Qg6
30.Qxa7 Qe4 31.Qe7 Qxd5 32.b4 Qd1 33.a5  1-0

[Event "North Bay op"]
[Site "North Bay"]
[Date "1996.??.??"]
[Round "?"]
[White "Saleh, Maher"]
[Black "Polgar, Sofia"]
[Result "0-1"]
[WhiteElo "2245"]
[BlackElo "2480"]

1.Nf3 f5 2.g3 Nf6 3.Bg2 g6 4.b3 Bg7 5.Bb2 O-O 6.O-O d6 7.d4 c6 8.Nbd2 h6
9.c4 g5 10.Qc2 Qe8 11.e4 fxe4 12.Nxe4 Nxe4 13.Qxe4 Bf5 14.Qe3 Nd7 15.Rae1 Qg6
16.Rd1 Rf7 17.Ne1 g4 18.Nd3 h5 19.Nf4 Qg5 20.Nd5 Qg6 21.Nf4 Qh6 22.Bc1 e5
23.dxe5 Nxe5 24.Ba3 Bf8 25.Bb2 Bg7 26.Ba3 Rd7 27.Rfe1 a6 28.Qd2 Rad8 29.Ne2 Qf6
30.Nd4 Bh7 31.Rf1 Bd3 32.Rfe1 Bh6 33.Qc3 c5 34.Bd5+ Kh8 35.Rxd3 Nxd3 36.Qxd3 Bf8
37.Re2 cxd4 38.Bb2 Bg7 39.Qd2  0-1

[Event "North Bay op"]
[Site "North Bay"]
[Date "1996.??.??"]
[Round "?"]
[White "Wolff, Patrick G"]
[Black "Polgar, Sofia"]
[Result "1-0"]
[WhiteElo "2580"]
[BlackElo "2480"]

1.e4 e5 2.Nf3 Nc6 3.Bb5 Nf6 4.d3 d6 5.O-O Be7 6.Re1 O-O 7.c3 a6 8.Ba4 Re8
9.Nbd2 Bf8 10.h3 b5 11.Bc2 d5 12.exd5 Nxd5 13.Ne4 h6 14.Bb3 Nf6 15.a4 Rb8
16.axb5 axb5 17.Nxf6+ Qxf6 18.Bd5 Bb7 19.Qb3 Red8 20.Be4 Bd6 21.Nh2 Bc5 22.Ng4 Qd6
23.Qxb5 Nb4 24.cxb4 Bxb4 25.Bxb7 Bxe1 26.Nxe5 Re8 27.Nf3 c5 28.Be3 Bb4 29.Qa6 Qxa6
30.Bxa6 Ra8 31.Ra2 Kf8 32.Bc4 Rxa2 33.Bxa2 Ra8 34.Bc4 Ke7 35.g4 Ra1+ 36.Kg2 Rb1
37.b3 Ra1 38.Nh4 Ra5 39.Nf5+ Kf8 40.Nd6 Ra7 41.h4 Rd7 42.Nxf7  1-0

[Event "Rishon Le Ziyyon"]
[Site "Rishon Le Ziyyon"]
[Date "1996.??.??"]
[Round "1"]
[White "Manor, Ilan"]
[Black "Polgar, Sofia"]
[Result "1-0"]
[WhiteElo "2510"]
[BlackElo "2495"]

1.d4 d5 2.c4 c6 3.Nf3 Nf6 4.Nc3 e6 5.Bg5 h6 6.Bxf6 Qxf6 7.e3 Nd7 8.Be2 g6
9.O-O Bg7 10.cxd5 exd5 11.b4 Qd6 12.Qb3 O-O 13.b5 Nb6 14.Rac1 Bf5 15.a4 Nd7
16.a5 Rab8 17.Qa2 Rfc8 18.a6 Nf6 19.axb7 Rxb7 20.bxc6 Rxc6 21.Ne5 Rcb6 22.Na4 Rb4
23.Nc6 a5 24.Nxb4 axb4 25.Nc5 Rb6 26.Qb3 h5 27.Ra1 Bg4 28.Ra8+ Kh7 29.Bxg4 Nxg4
30.g3 h4 31.Ra7 h3 32.Rd7 Qf6 33.Qxd5  1-0

[Event "Rishon Le Ziyyon"]
[Site "Rishon Le Ziyyon"]
[Date "1996.??.??"]
[Round "7"]
[White "Kotronias, Vasilios"]
[Black "Polgar, Sofia"]
[Result "1-0"]
[WhiteElo "2610"]
[BlackElo "2495"]

1.e4 e5 2.Nf3 Nc6 3.Bb5 Nf6 4.O-O Nxe4 5.d4 Nd6 6.Bxc6 dxc6 7.dxe5 Nf5 8.Qxd8+ Kxd8
9.Rd1+ Ke8 10.Nc3 Ne7 11.h3 Ng6 12.Ne2 h6 13.Ng3 h5 14.b3 a5 15.a4 Bb4 16.Bb2 h4
17.Ne2 Rh5 18.Ned4 Nf4 19.c3 Be7 20.Rd2 Bd7 21.Re1 c5 22.Nb5 Ne6 23.c4 Bc6
24.Nh2 Bg5 25.Rdd1 Bf4 26.Ng4 Bxb5 27.axb5 Ke7 28.Bc3 Rhh8 29.Rd5 c6 30.Rd6 Rhd8
31.bxc6 bxc6 32.Rxc6 Rd3 33.Ne3 Bxe3 34.Rxe3 Rxe3 35.fxe3 a4 36.b4 a3 37.b5 a2
38.Ra6 Nc7 39.Rxa8 Nxa8 40.Kf2 Nb6 41.Ke2 Nxc4 42.Kd3 Nb6 43.Ba1 Nd5 44.e4 Nf4+
45.Kc4 Nxg2 46.b6 Kd7 47.e6+ fxe6 48.Kb5 Ne1 49.b7 Kc7 50.Ka6  1-0

[Event "Rishon Le Ziyyon"]
[Site "Rishon Le Ziyyon"]
[Date "1996.??.??"]
[Round "9"]
[White "Polgar, Sofia"]
[Black "Liss, Eran"]
[Result "0-1"]
[WhiteElo "2495"]
[BlackElo "2480"]

1.e4 e5 2.Nf3 Nc6 3.Bb5 a6 4.Ba4 Nf6 5.O-O Be7 6.Re1 b5 7.Bb3 d6 8.c3 O-O
9.h3 Bb7 10.d4 Re8 11.Nbd2 Bf8 12.a4 h6 13.Bc2 exd4 14.cxd4 Nb4 15.Bb1 bxa4
16.Rxa4 a5 17.Ra3 Ra6 18.Nh2 g6 19.Ng4 Nxg4 20.hxg4 Bc8 21.Nf1 Bg7 22.Nh2 d5
23.e5 c5 24.Bd2 Nc6 25.Qc1 Nxd4 26.Qxc5 Rxe5 27.Bd3 Rc6 28.Qxa5 Rxe1+ 29.Bxe1 Qxa5
30.Rxa5 Rc1 31.Kf1 Be6 32.f4 Rd1 33.Be2 Rb1 34.Bd3 Rxb2 35.f5 gxf5 36.Ra8+ Kh7
37.Nf3 Rb3 38.Nxd4 Rxd3 39.Nxe6 fxe6 40.gxf5 exf5 41.Rd8 Kg6 42.Rd6+ Kh5
43.Ke2 Rd4 44.Bd2 f4 45.Rd7 Be5 46.Re7 Bf6 47.Re6 Bg5  0-1

[Event "Sao Paulo SC"]
[Site "Sao Paulo"]
[Date "1996.??.??"]
[Round "1"]
[White "Milos, Gilberto"]
[Black "Polgar, Sofia"]
[Result "1-0"]
[WhiteElo "2605"]
[BlackElo "2480"]

1.e4 e5 2.Nf3 Nc6 3.Bb5 Nf6 4.O-O Nxe4 5.d4 Nd6 6.Bxc6 dxc6 7.dxe5 Nf5 8.Qxd8+ Kxd8
9.Nc3 Ne7 10.h3 Ng6 11.Re1 Bb4 12.Bd2 Bxc3 13.Bxc3 c5 14.e6 f6 15.b4 cxb4
16.Rad1+ Ke8 17.Bxb4 b6 18.Nd4 c5 19.Nb5 Ke7 20.Nc7 Rb8 21.Nd5+ Ke8 22.Bc3 Rb7
23.Re3 Ne7 24.Nf4 Nf5 25.Re2 b5 26.g4 Nh4 27.Rd5 Nf3+ 28.Kg2 b4 29.Rxc5 Ke7
30.Kxf3 bxc3 31.Rxc3 Rd8 32.Rc5 g5 33.Nd5+ Kd6 34.e7 Rxe7 35.Rxc8 Rxc8 36.Nxe7 Rc3+
37.Kg2 Ra3 38.Nf5+ Kc5 39.Re6 Rxa2 40.Rxf6 a5 41.Ne3 a4 42.Rf5+ Kd4 43.Rxg5 a3
44.Ra5 Ra1 45.g5 Kc3 46.h4 a2 47.h5 Kb2 48.g6 hxg6 49.hxg6  1-0

[Event "Sao Paulo SC"]
[Site "Sao Paulo"]
[Date "1996.??.??"]
[Round "2"]
[White "Polgar, Sofia"]
[Black "Milos, Gilberto"]
[Result "1-0"]
[WhiteElo "2480"]
[BlackElo "2605"]

1.e4 Nf6 2.e5 Nd5 3.d4 d6 4.Nf3 Bg4 5.Be2 e6 6.O-O Be7 7.c4 Nb6 8.Nc3 O-O
9.exd6 cxd6 10.b3 d5 11.c5 Nc8 12.b4 Bf6 13.Be3 Nc6 14.Rb1 N8e7 15.b5 Na5
16.Nd2 Bxe2 17.Qxe2 Nf5 18.Qd3 Re8 19.f4 Nxe3 20.Qxe3 g6 21.Rfc1 Bg7 22.Nd1 a6
23.a4 axb5 24.axb5 Qf6 25.Rb4 Bh6 26.g3 g5 27.Qe5 Qxe5 28.dxe5 gxf4 29.gxf4 Rec8
30.Nb2 Bf8 31.Na4 b6 32.Nxb6 Rxc5 33.Rbb1 Rd8 34.Kf1 Nb7 35.Ke2 Bh6 36.Kf3 Kf8
37.Na4 Rxc1 38.Rxc1 Ra8 39.Nb6 Ra3+ 40.Kg4 Rb3  1-0

[Event "Sao Paulo SC"]
[Site "Sao Paulo"]
[Date "1996.??.??"]
[Round "3"]
[White "Leitao, Rafael"]
[Black "Polgar, Sofia"]
[Result "1-0"]
[WhiteElo "2475"]
[BlackElo "2480"]

1.d4 d5 2.c4 dxc4 3.e3 Nf6 4.Bxc4 e6 5.Nf3 a6 6.Nc3 c5 7.O-O Nbd7 8.Qe2 b5
9.Bb3 Bb7 10.e4 b4 11.Na4 Nxe4 12.Rd1 cxd4 13.Rxd4 Nef6 14.Ne5 Qc7 15.Nxf7 Qc6
16.Qxe6+ Qxe6 17.Bxe6 Nc5 18.Nxc5 Bxc5 19.Rc4 Ne4 20.Be3 Bxe3 21.fxe3 Ke7
22.Rc7+ Kxe6 23.Nxh8 Bd5 24.Nf7 h6 25.Rd1 Nf6 26.g4 Nxg4 27.e4 Bxe4 28.Rd6+ Kf5
29.Rc5+ Kf4 30.Rd4 Nf6 31.Nd6 Ke3 32.Rxb4 Rd8 33.Nxe4 Nxe4 34.Re5 Rd4 35.Rxd4 Kxd4
36.Re7 g5 37.Re6 a5 38.Rxh6  1-0

[Event "Czerniak mem"]
[Site "Tel Aviv"]
[Date "1996.??.??"]
[Round "1"]
[White "Polgar, Sofia"]
[Black "Shmuter, Leonid"]
[Result "1/2-1/2"]
[WhiteElo "2495"]
[BlackElo "2490"]

1.e4 c5 2.Nf3 d6 3.d4 cxd4 4.Nxd4 Nf6 5.Nc3 Nc6 6.Bg5 Qb6 7.Be3 Bd7 8.Nb3 Qc7
9.Nd5 Nxd5 10.exd5 Ne5 11.Bd4 e6 12.dxe6 Bxe6 13.Bb5+ Nc6 14.O-O Be7 15.f4 O-O-O
16.Bxc6 bxc6 17.Qe2 c5 18.Bc3 Rde8 19.Qf3 Qb7 20.Qxb7+ Kxb7 21.f5 Bxb3 22.axb3 Bg5
23.Rfd1 Be3+ 24.Kh1 Bf4 25.Bxg7 Rhg8 26.Bc3 Re2 27.g3 Rxc2 28.gxf4 Rgg2 29.Be1 Rxh2+
30.Kg1 Rcg2+ 31.Kf1 Rxb2 32.Kg1 Rbg2+ 33.Kf1 Rb2 34.Kg1 Rbg2+  1/2-1/2

[Event "Czerniak mem"]
[Site "Tel Aviv"]
[Date "1996.??.??"]
[Round "2"]
[White "Zifroni, Dov"]
[Black "Polgar, Sofia"]
[Result "1/2-1/2"]
[WhiteElo "2455"]
[BlackElo "2495"]

1.e4 c5 2.c3 d5 3.exd5 Qxd5 4.d4 Nf6 5.Nf3 Bg4 6.Nbd2 e6 7.Bc4 Qd6 8.h3 Bh5
9.Bb5+ Nc6 10.Qa4 Nd7 11.Nc4 Qd5 12.Ne3 Qd6 13.Nc4 Qd5 14.Ne3  1/2-1/2

[Event "Czerniak mem"]
[Site "Tel Aviv"]
[Date "1996.??.??"]
[Round "4"]
[White "Polgar, Sofia"]
[Black "Bykhovsky, Avigdor"]
[Result "1-0"]
[WhiteElo "2495"]
[BlackElo "2405"]

1.e4 e6 2.d4 d5 3.Nc3 Bb4 4.e5 c5 5.a3 Bxc3+ 6.bxc3 Qc7 7.Qg4 f5 8.Qh5+ g6
9.Qd1 Bd7 10.Nf3 cxd4 11.cxd4 Ba4 12.Bd2 Nd7 13.Bd3 a5 14.Qe2 h6 15.h4 Ne7
16.O-O Nb6 17.Bb5+ Bxb5 18.Qxb5+ Nd7 19.Rfc1 Qc4 20.Qxb7 Rb8 21.Qa7 Nc6 22.Qc7 Ncxe5
23.Bxa5 Nxf3+ 24.gxf3 Ke7 25.Qg3 Qxd4 26.Bb4+ Kf6 27.Qd6 Rh7 28.Re1 Re8 29.Rad1 Qxh4
30.Bc3+ Kg5 31.Kg2 e5 32.Bd2+  1-0

[Event "Czerniak mem"]
[Site "Tel Aviv"]
[Date "1996.??.??"]
[Round "6"]
[White "Polgar, Sofia"]
[Black "Kaspi, Alexander"]
[Result "1-0"]
[WhiteElo "2495"]
[BlackElo "2475"]

1.e4 c5 2.Nf3 d6 3.d4 cxd4 4.Nxd4 Nf6 5.Nc3 a6 6.f4 e5 7.Nf3 Nbd7 8.a4 Be7
9.Bd3 O-O 10.O-O Nc5 11.Kh1 exf4 12.Bxf4 Bg4 13.Be3 Rc8 14.a5 Bh5 15.Bd4 Ne6
16.Bb6 Qd7 17.Qd2 Bxf3 18.Rxf3 Ng4 19.Nd5 Ne5 20.Rf5 Qe8 21.Qb4 Nc6 22.Qe1 Ne5
23.Qg3 Kh8 24.Raf1 Bd8 25.Be3 f6 26.Qh3 Rf7 27.b4 Qd7 28.Be2 Nf8 29.Qg3 Rxc2
30.Bd1 Rb2 31.Bc1 Rb1 32.Bc2 Rxc1 33.Rxc1 Ne6 34.Qc3 g6 35.Rff1 Rf8 36.Bb3 Ng5
37.Qe3 Kg7 38.Nf4 Re8 39.Qd4 Nc6 40.Qc4 Nxe4 41.Ne6+ Rxe6 42.Qxe6 Qxe6 43.Bxe6 Nxb4
44.Rc4 Nd2 45.Rxb4 Nxf1 46.Rxb7+ Kh6 47.Rb6 Ne3 48.Rxa6 d5 49.Ra8 Bc7 50.Ra7  1-0

[Event "Czerniak mem"]
[Site "Tel Aviv"]
[Date "1996.??.??"]
[Round "8"]
[White "Polgar, Sofia"]
[Black "Shabtai, Ran"]
[Result "1-0"]
[WhiteElo "2495"]
[BlackElo "2340"]

1.e4 c5 2.Nf3 e6 3.d4 cxd4 4.Nxd4 a6 5.Nc3 Qc7 6.Be2 Nc6 7.Be3 Nf6 8.O-O Bb4
9.Na4 Be7 10.Nxc6 bxc6 11.Bf3 Rb8 12.c4 c5 13.Qd3 d6 14.Bd1 O-O 15.b3 Rd8
16.Nc3 Bb7 17.Rc1 d5 18.exd5 exd5 19.cxd5 Nxd5 20.Nxd5 Rxd5 21.Qc4 Rdd8 22.Bxc5 Bd5
23.Qc2 Bf6 24.Be3 Qb7 25.f3 Re8 26.Qf2 Qb4 27.Qd2 g6 28.Qxb4 Rxb4 29.Bd2 Bd4+
30.Kh1 Rb6 31.Bc2 Rbe6 32.Bd3 Be3 33.Bxe3 Rxe3 34.Bxa6 Ra8 35.Rc8+ Rxc8 36.Bxc8 Rc3
37.Ba6 Rc2 38.Ra1 g5 39.Bd3 Rb2 40.Kg1 Kg7 41.Be4 Bxe4 42.fxe4 Kf6 43.a4 Rxb3
44.a5 Ke5 45.a6 Rb8 46.a7 Ra8 47.Ra4 Kd6 48.Kf2 Kc5 49.Kf3 Kb5 50.Ra1 h5
51.e5  1-0

[Event "Vienna Bawag"]
[Site "Vienna"]
[Date "1996.??.??"]
[Round "1"]
[White "Rechlis, Gad"]
[Black "Polgar, Sofia"]
[Result "1-0"]
[WhiteElo "2510"]
[BlackElo "2495"]

1.c4 e5 2.Nc3 Nc6 3.g3 f5 4.Bg2 Nf6 5.d3 Bb4 6.Bd2 O-O 7.Nf3 d6 8.O-O Kh8
9.Rc1 Bxc3 10.Bxc3 Qe8 11.b4 Qh5 12.b5 Nd8 13.c5 f4 14.cxd6 cxd6 15.Bb4 Nf7
16.Qb3 Ne8 17.Qd5 Nf6 18.Qb3 Ne8 19.d4 e4 20.Nd2 Ng5 21.Nxe4 Be6 22.Qd3 Bf5
23.f3 fxg3 24.hxg3 Bxe4 25.fxe4 Nf6 26.Bxd6 Rfc8 27.g4 Nxg4 28.Qg3 Rxc1 29.Rxc1 Ne6
30.e3 Qg5 31.Bf4 Qg6 32.e5 Rf8 33.d5 Nxf4 34.Qxf4 Kg8 35.d6 Qe6 36.Qc4 Qxc4
37.Rxc4 Nxe5 38.Bd5+ Kh8 39.Rc7 h5 40.Re7 Ng4 41.d7 Nf6 42.Bxb7  1-0

[Event "Vienna Bawag"]
[Site "Vienna"]
[Date "1996.??.??"]
[Round "4"]
[White "Polgar, Sofia"]
[Black "Fauland, Alexander"]
[Result "1/2-1/2"]
[WhiteElo "2495"]
[BlackElo "2430"]

1.e4 c5 2.Nf3 Nc6 3.d4 cxd4 4.Nxd4 e5 5.Nb5 d6 6.N5c3 Nf6 7.Bg5 Be7 8.Bxf6 Bxf6
9.Nd5 O-O 10.Nbc3 a6 11.a4 Be6 12.h4 Rc8 13.Bd3 g6 14.h5 Bg5 15.Qf3 Kg7 16.Qg3 Bh6
17.O-O Nd4 18.f4 Bxd5 19.Nxd5 exf4 20.Nxf4 Nxc2 21.Bxc2 Rxc2 22.Rad1 Qg5
23.Qd3 Qc5+ 24.Qd4+ Kg8 25.b4 Qxd4+ 26.Rxd4 Re8 27.Rf3 Bf8 28.Nd5 Re5 29.Nf6+ Kg7
30.h6+ Kxh6 31.Ng4+ Kg5 32.Nxe5 dxe5 33.Rd7 Bxb4 34.Rdxf7 b5 35.axb5 axb5
36.Rxh7 Be1 37.Re7 Bc3 38.Kh2 b4 39.Rc7 Re2 40.Rc4 Bd2 41.Kh3 Re1 42.g3 Bc3
43.Rd3 b3 44.Rdxc3  1/2-1/2

[Event "Vienna Bawag"]
[Site "Vienna"]
[Date "1996.??.??"]
[Round "6"]
[White "Polgar, Sofia"]
[Black "Roth, Peter"]
[Result "1-0"]
[WhiteElo "2495"]
[BlackElo "2315"]

1.e4 d6 2.d4 Nf6 3.Nc3 g6 4.f4 Bg7 5.Nf3 O-O 6.Bd3 Na6 7.O-O c5 8.d5 Rb8
9.Kh1 Nc7 10.a4 a6 11.a5 b5 12.axb6 Rxb6 13.Qe1 Nb5 14.Na4 Rb8 15.c4 Nc7
16.e5 Nfe8 17.Qh4 Bd7 18.Ng5 h6 19.Nxf7 Rxf7 20.Bxg6 Rf8 21.e6 Bxa4 22.Rxa4 Rf6
23.f5 Rxg6 24.fxg6 Nf6 25.Bxh6 Rxb2 26.Ra3 Qf8 27.Bg5 Nce8 28.Raf3  1-0

[Event "Vienna Bawag"]
[Site "Vienna"]
[Date "1996.??.??"]
[Round "7"]
[White "Stanec, Nikolaus"]
[Black "Polgar, Sofia"]
[Result "1-0"]
[WhiteElo "2490"]
[BlackElo "2495"]

1.c4 e5 2.Nc3 d6 3.Nf3 f5 4.d4 e4 5.Bg5 Qd7 6.Ng1 h6 7.Bd2 c6 8.h4 Qf7 9.e3 g6
10.Nh3 Nd7 11.Nf4 Ne7 12.Qb3 Bg7 13.Be2 Nf6 14.Qb4 g5 15.hxg5 hxg5 16.Rxh8+ Bxh8
17.Nh3 d5 18.O-O-O Qg6 19.Qd6 Kf7 20.Qd8 Ne8 21.cxd5 Bf6 22.dxc6 Nxc6 23.Bc4+ Kf8
24.Qd5 Be7 25.Rh1 Nf6 26.Qb5 a6 27.Qa4 Bd7 28.Bb5 Rc8 29.Bxc6 Bxc6 30.Qa5 Bd6
31.Kb1 f4 32.Qxg5 Kg7 33.Qxg6+ Kxg6 34.Nxf4+ Bxf4 35.exf4 Kf5 36.Nd1 Nd5
37.Ne3+ Nxe3 38.Bxe3 Bb5 39.Rc1 Bd3+ 40.Ka1 Rxc1+ 41.Bxc1 Bf1 42.g3 Be2 43.b3 Ke6
44.Kb2 Kd5 45.Kc3 Bg4 46.Ba3 Bf5 47.Bc5 Kc6 48.Kb4 Be6 49.Ka5 Kc7 50.Bb6+ Kc6
51.Bd8 Kd7 52.Bf6 Kc7 53.Be5+ Kc6 54.Bb8 Bd7 55.b4 Be6 56.a4 b5 57.d5+ Bxd5
58.Kxa6 bxa4 59.b5+ Kc5 60.b6  1-0